000 00336nam a2200145Ia 4500
005 20251222143231.0
008 251222s9999||||xx |||||||||||||| ||spa||
020 _a9563103793
082 _a726.509/D89
100 _aDonoso Saint, Max
245 0 _aIglesias del Fin del Mundo
250 _a1ra.ed.
264 _bOgrama
942 _cLIB
999 _c14183
_d14183